000 00791nam a22002177a 4500
003 NALT
005 20220819185749.0
008 s2546 th i tha d
020 _a9746843087
040 _aNALT
041 _atha
090 _aSC
_bอ353จ 2546
100 0 _aอรรถชัย อนันตเมฆ
_914867
245 1 0 _aจากหมอชิต...ถึงเซ็นเตอร์พอยน์ /
_cอรรถชัย อนันตเมฆ.
260 _aกรุงเทพฯ :
_bสยามอินเตอร์บุ๊คส์,
_c2546.
300 _a170 หน้า :
_b ภาพประกอบ ;
_c 21 ซม.
650 4 _aเรื่องสั้น
_9460
850 _aNALT
942 _cSHT
_2local
998 _bpotjapin
_j111
_k นางสาวพจพิณ พรมเอี่ยม
999 _c11889
_d11889